LEADER 01001nam a2200229 i 4500 001 000000244611 003 CaOOAMICUS 005 20150812000000.0 008 150812s1835 it u000 u ita u 013 $a223516 040 $aSeMil$bita 100 1 $aGalliffet, Joseph .$0(OLS)http://semarc/name/17093 245 13$aLa divozione pratica al Sacro Cuore di Gesł Cristo /$cdi un sacerdote della Compagnia di Gesł [Joseph de Galliffet] ; tradotta dal francese. 260 $aMilano :$bTipografia Pogliani,$c1835. 300 $aVIII, 190 p. ;$c16 cm. 500 $aLegato con 3E-I-150 FA. 650 4$aSacro Cuore - Culto.$0(OLS)http://semarc/subject/2450 850 $aSeMil 852 $aSeMil$W1$xVenegono$y1$m3E I 151 FA$j194957$B194957$CSeMilBibl$Z2$F205614 $8I 961 $aOmaggio: Donazione 996 $6245$aLa divozione pratica al Sacro Cuore di Gesł Cristo$9(OLS)http://semarc/title/346499 996 $6260$aMilano :$bTipografia Pogliani$9(OLS)http://semarc/publisher/31457 LEADER 01250nam a2200253 i 4500 001 000000222391 003 CaOOAMICUS 005 20130912000000.0 008 130912n it u000 u ita u 013 $a201288 040 $aSeMil$bita 100 1 $aBarlassina, Alberto .$0(OLS)http://semarc/name/77695 245 13$aIl cammino neocatecumenale :$buna chiesa nella Chiesa? /$cTesi di Licenza in Teologia [di] Alberto Barlassina ; Docente Prof. Valentino Bulgarelli. 260 $a[S.l. :$bs.n.,$c2006] 300 $a69 c. ;$c30 cm. 500 $aContiene : Bibliografia. - In testa al front. : Facoltą Teologica dell'Emilia Romagna. - A pič del front. : Anno Accademico 2005-2006. 650 4$aTesi di laurea.$0(OLS)http://semarc/subject/1690 650 4$aNeocatecumenali (Movimento) - Magistero.$0(OLS)http://semarc/subject/38962 700 1 $aBulgarelli, Valentino,$c.$0(OLS)http://semarc/name/44854 850 $aSeMil 852 $aSeMil$W1$xVenegono$y1$m4X VIII 37$j172737$B172737$CSeMilBibl$Z2$F183103 $8L 961 $aOmaggio: Altro 996 $6245$aIl cammino neocatecumenale :$buna chiesa nella Chiesa?$9(OLS)http://semarc/title/318749 996 $6260$a[S.l. :$bs.n.$9(OLS)http://semarc/publisher/31686